Alle deutsche Parteien im EU-Parlament - Statistiken

Allgemein
  • Dieses Quiz wurde 317 mal gespielt
    246 seit der letzten Aktualisierung
  • Das Durchschnittsergebnis liegt bei 11 aus 18
Antwortstatistiken
WP Max. Sitze Partei % Korrekt
10 43 CDU
99%
3 15 AfD
98%
10 40 SPD
98%
9 21 Bündnis 90/Die Grünen
97%
6 8 Die Linke
97%
7 12 FDP
95%
10 10 CSU
86%
1 6 BSW
73%
3 2 Die PARTEI
63%
2 1 Volt
60%
3 3 Freie Wähler
54%
1 1 NPD
53%
2 1 Piraten
50%
3 1 Tierschutzpartei
49%
3 1 ÖDP
30%
1 1 PdF
16%
3 1 Familie
14%
1 6 Die Republikaner
12%
Keine übereinstimmenden Quizze gefunden
Verteilung der Resultate
Anzahl Personen mit jedem Resultat
Perzentil nach korrekt beantworteten Fragen
Ihre Resultats-Entwicklung
Sie haben dieses Quiz seit der letzten Aktualisierung nicht gespielt